[Event "Hamburg-chT Landesliga 1213"]
[Site "Hamburg"]
[Date "2013.04.13"]
[Round "8.5"]
[White "Schuetze, Wolf Thomas"]
[Black "Spindel, Ulrich"]
[Result "1/2-1/2"]
[WhiteElo "2083"]
[BlackElo "2124"]
[PlyCount "123"]
[EventDate "2012.10.14"]
[EventType "team-tourn"]
[EventRounds "9"]
[EventCountry "GER"]
[SourceTitle "EXT 2022"]
[Source "ChessBase"]
[SourceDate "2021.10.06"]
[SourceVersion "1"]
[SourceVersionDate "2021.10.06"]
[SourceQuality "1"]
[WhiteTeam "St Pauli II"]
[BlackTeam "Grosshansdorf"]
[WhiteTeamCountry "GER"]
[BlackTeamCountry "GER"]

1. Nf3 e6 2. d4 d5 3. Bf4 Nf6 4. e3 Be7 5. c4 0-0 6. Nc3 c6 7. Rc1 Nbd7 8. cxd5 Nxd5 9. Bg3 Nxc3 10. bxc3 c5 11. Bd3 cxd4 12. exd4 Nf6 13. Ne5 Qd5 14. 0-0 Qxa2 15. Nc4 Qa6 16. Ra1 Qc6 17. Qb3 b6 18. Be2 Bb7 19. Bf3 Qc8 20. Bxb7 Qxb7 21. Ne3 Ne4 22. Rfd1 Nxg3 23. hxg3 Rfd8 24. Rdb1 Qc6 25. Ra6 Rdc8 26. Nd1 h6 27. Rba1 Rc7 28. R1a4 Qe4 29. Qb5 Qe1+ 30. Qf1 Qxf1+ 31. Kxf1 b5 32. Ra2 b4 33. cxb4 Bxb4 34. Ke2 Rd7 35. Ne3 Bc3 36. Nc2 Bxd4 37. Nxd4 Rxd4 38. Rxa7 Rxa7 39. Rxa7 g6 40. Ke3 Rb4 41. Rc7 Kg7 42. Rc2 h5 43. Ra2 g5 44. Rc2 Kg6 45. Ra2 f5 46. Ke2 Rb1 47. f3 Rh1 48. Kf2 h4 49. gxh4 gxh4 50. Ra6 Kf6 51. Ra8 h3 52. gxh3 Rxh3 53. Kg2 Rh7 54. f4 Rb7 55. Ra3 Rb6 56. Re3 Kg6 57. Rg3+ Kf6 58. Re3 Rb5 59. Kf2 Rb4 60. Kf3 Ra4 61. Kg3 Ra1 62. Kg2 1/2-1/2